[Event "Royal City Masters"]
[Site "Guelph CAN"]
[Date "2025.08.03"]
[Round "4.15"]
[White "Windram, James"]
[Black "Terry, Joshua"]
[Result "0-1"]
[WhiteElo "1984"]
[BlackElo "2155"]
[WhiteFideId "-1"]
[WhiteFideId "-1"]
[PlyCount "128"]
[GameId "2208722018479209"]
[EventDate "2025.08.01"]
[EventType "swiss"]
[EventRounds "9"]
[EventCountry "CAN"]

1. Nf3 Nf6 2. c4 e6 3. g3 d5 4. Bg2 dxc4 5. Qa4+ Bd7 6. Qxc4 c5 7. Nc3 Nc6 8. O-O Be7 9. d4 Qa5 10. dxc5 Qxc5 11. Qxc5 Bxc5 12. Bf4 Nh5 13. Ne4 Nxf4 14. Nxc5 Nxg2 15. Nxb7 Rb8 16. Nd6+ Ke7 17. Nc4 e5 18. Kxg2 e4 19. Nfd2 f5 20. Rac1 Be6 21. b3 Rhd8 22. Rfd1 Rd7 23. Ne3 Nb4 24. a3 Rbd8 25. Ndc4 Rxd1 26. Nxd1 Na2 27. Ra1 Bxc4 28. bxc4 Rd2 29. Kf1 g6 30. Ke1 Rc2 31. Ne3 Rb2 32. Nd1 Rc2 33. Rb1 Kd6 34. Rb2 Rxb2 35. Nxb2 Nc3 36. Kd2 Nb1+ 37. Kc2 Nxa3+ 38. Kb3 Nb1 39. Kc2 Na3+ 40. Kb3 Nb1 41. Kb4 Kc6 42. Nd1 a5+ 43. Kb3 Kc5 44. Nb2 Nd2+ 45. Kc3 Nf1 46. Na4+ Kd6 47. h3 e3 48. fxe3 Nxg3 49. Kd3 g5 50. Nc3 Ne4 51. Nb5+ Ke5 52. Nd4 Nc5+ 53. Kd2 Ke4 54. Nf3 h6 55. Ne1 a4 56. Ng2 Ke5 57. Kc2 Ne4 58. Kb2 Nd2 59. Ka3 Nxc4+ 60. Kxa4 Ke4 61. h4 Nxe3 62. hxg5 hxg5 63. Ne1 Nd5 64. Ng2 Nc3+ 0-1

[Event "Royal City Masters"]
[Site "Guelph CAN"]
[Date "2025.08.03"]
[Round "4.16"]
[White "Qian, Ashley"]
[Black "Wang, Bingfei"]
[Result "1-0"]
[WhiteElo "2134"]
[BlackElo "1942"]
[WhiteFideId "-1"]
[WhiteFideId "-1"]
[PlyCount "111"]
[GameId "2208735068929137"]
[EventDate "2025.08.01"]
[EventType "swiss"]
[EventRounds "9"]
[EventCountry "CAN"]

1. e4 e6 2. d4 d5 3. Nd2 Be7 4. Bd3 Nc6 5. c3 dxe4 6. Nxe4 f5 7. Ng3 Nf6 8. Nf3 O-O 9. O-O Rb8 10. Qe2 Nd5 11. Bc2 b5 12. Rd1 Qd6 13. a4 b4 14. c4 b3 15. Bb1 Ndb4 16. Ra3 Na5 17. Ne5 Bf6 18. Bf4 g5 19. Bd2 Ba6 20. Qh5 Qe7 21. Re1 Bxc4 22. Nxf5 exf5 23. Nxc4 Nxc4 24. Rxe7 Bxe7 25. Bxb4 Rxb4 26. Ra1 Nxb2 27. Qe2 Rxd4 28. g3 Bf6 29. Bxf5 Nxa4 30. Be6+ Kg7 31. Bxb3 Nc5 32. Bc2 Rd7 33. Rf1 Rfd8 34. Qh5 Kg8 35. h4 Rg7 36. hxg5 Bd4 37. Kg2 a5 38. Rh1 a4 39. g6 a3 40. gxh7+ Kh8 41. Re1 Rf8 42. Re8 Nd7 43. Rxf8+ Nxf8 44. Qf3 Bc5 45. Qd5 Bd6 46. Qa8 Rf7 47. f4 Kg7 48. Qd5 Nxh7 49. Bxh7 Kf8 50. Bb1 Re7 51. Ba2 Ke8 52. f5 Re3 53. Qf7+ Kd8 54. Be6 Rxg3+ 55. Kf2 Be7 56. f6 1-0

[Event "Royal City Masters"]
[Site "Guelph CAN"]
[Date "2025.08.03"]
[Round "4.17"]
[White "Wang, Nathan"]
[Black "Cummings, David"]
[Result "1/2-1/2"]
[WhiteElo "1993"]
[BlackElo "2252"]
[WhiteFideId "-1"]
[WhiteFideId "-1"]
[PlyCount "27"]
[GameId "2208737206611065"]
[EventDate "2025.08.01"]
[EventType "swiss"]
[EventRounds "9"]
[EventCountry "CAN"]

1. e4 c6 2. d4 d5 3. e5 Bf5 4. Bd3 Bxd3 5. Qxd3 e6 6. Ne2 c5 7. c3 Nc6 8. O-O Qb6 9. Nd2 cxd4 10. cxd4 Nb4 11. Qb3 Nc6 12. Qd3 Nb4 13. Qb3 Nc6 14. Qd3 1/2-1/2

[Event "Royal City Masters"]
[Site "Guelph CAN"]
[Date "2025.08.03"]
[Round "5.1"]
[White "Preotu, Razvan"]
[Black "Sheng, Joshua"]
[Result "1-0"]
[WhiteElo "2478"]
[BlackElo "2480"]
[WhiteFideId "-1"]
[WhiteFideId "-1"]
[PlyCount "87"]
[GameId "2202821113241600"]
[EventDate "2025.08.01"]
[EventType "swiss"]
[EventRounds "9"]
[EventCountry "CAN"]

1. Nf3 d5 2. g3 Bg4 3. Bg2 c6 4. O-O Nf6 5. h3 Bh5 6. c4 e6 7. d4 Nbd7 8. cxd5 exd5 9. Ne5 Bg6 10. Nc3 Be7 11. f4 Be4 12. Nxe4 Nxe4 13. Bxe4 dxe4 14. Qb3 Nxe5 15. dxe5 Qb6+ 16. Qxb6 axb6 17. Be3 Bc5 18. Kf2 Ke7 19. Rfd1 Ra4 20. a3 g5 21. b4 gxf4 22. gxf4 Bxe3+ 23. Kxe3 Rha8 24. Kxe4 Rxa3 25. Rxa3 Rxa3 26. e3 Rb3 27. Ra1 Rxb4+ 28. Kf5 c5 29. Ra7 c4 30. Rxb7+ Kd8 31. Ke4 c3+ 32. Kd3 Rc4 33. Kc2 Re4 34. Kxc3 Rxe3+ 35. Kd4 Rxh3 36. Rxf7 h5 37. f5 Rf3 38. f6 h4 39. Rh7 b5 40. Rxh4 Kd7 41. Kd5 Rd3+ 42. Rd4 Re3 43. Rb4 Rd3+ 44. Ke4 1-0

[Event "Royal City Masters"]
[Site "Guelph CAN"]
[Date "2025.08.03"]
[Round "5.2"]
[White "Kantans, Toms"]
[Black "Liang, Jason"]
[Result "1/2-1/2"]
[WhiteElo "2515"]
[BlackElo "2409"]
[WhiteFideId "-1"]
[WhiteFideId "-1"]
[PlyCount "82"]
[GameId "2206876829048832"]
[EventDate "2025.08.01"]
[EventType "swiss"]
[EventRounds "9"]
[EventCountry "CAN"]

1. e4 c6 2. d4 d5 3. e5 c5 4. dxc5 e6 5. Be3 Nd7 6. Bb5 Ne7 7. Bd4 Nf5 8. c3 a6 9. Ba4 Be7 10. b4 O-O 11. Nf3 a5 12. O-O axb4 13. Bxd7 Bxd7 14. cxb4 b6 15. cxb6 Bxb4 16. Nc3 Ba5 17. Rb1 Rb8 18. Na4 Bxa4 19. Qxa4 Bxb6 20. Bxb6 Rxb6 21. Qf4 Qb8 22. Rxb6 Qxb6 23. h4 Rc8 24. Rc1 Rxc1+ 25. Qxc1 h6 26. a4 Ne7 27. Qa3 Nc6 28. h5 Qb1+ 29. Kh2 Qf5 30. a5 Nxe5 31. a6 Qxh5+ 32. Kg1 Nxf3+ 33. gxf3 Qg6+ 34. Kf1 Qb1+ 35. Ke2 Qc2+ 36. Ke1 Qb1+ 37. Kd2 Qb6 38. a7 Qxf2+ 39. Kd1 Qf1+ 40. Kd2 Qf2+ 41. Kd1 Qf1+ 1/2-1/2

[Event "Royal City Masters"]
[Site "Guelph CAN"]
[Date "2025.08.03"]
[Round "5.3"]
[White "Noritsyn, Nikolay"]
[Black "Sai, Krishna GV"]
[Result "1/2-1/2"]
[WhiteElo "2462"]
[BlackElo "2390"]
[WhiteFideId "-1"]
[WhiteFideId "-1"]
[PlyCount "49"]
[GameId "2206877105913856"]
[EventDate "2025.08.01"]
[EventType "swiss"]
[EventRounds "9"]
[EventCountry "CAN"]

1. e4 e5 2. Nf3 Nc6 3. Bc4 Nf6 4. d3 Bc5 5. Nc3 d6 6. a3 a5 7. Be3 Ba7 8. h3 Be6 9. O-O h6 10. Bxe6 fxe6 11. Bxa7 Nxa7 12. d4 exd4 13. Qxd4 e5 14. Qc4 Qd7 15. Rad1 Qf7 16. Qa4+ Nc6 17. b4 Qc4 18. Nb5 Qf7 19. Nc3 Qc4 20. Rd3 Nxe4 21. Nxe4 Qxe4 22. Re1 Qf4 23. Qb5 O-O 24. Qxb7 e4 25. Rde3 1/2-1/2

[Event "Royal City Masters"]
[Site "Guelph CAN"]
[Date "2025.08.03"]
[Round "5.4"]
[White "Plotkin, Mark"]
[Black "Atanasov, Anthony"]
[Result "1/2-1/2"]
[WhiteElo "2361"]
[BlackElo "2411"]
[WhiteFideId "-1"]
[WhiteFideId "-1"]
[PlyCount "42"]
[GameId "2206877386932224"]
[EventDate "2025.08.01"]
[EventType "swiss"]
[EventRounds "9"]
[EventCountry "CAN"]

1. d4 Nf6 2. c4 e6 3. g3 Be7 4. Bg2 d5 5. Nf3 O-O 6. O-O a5 7. Nc3 c6 8. b3 Ne4 9. Qc2 f5 10. Ne5 Nd7 11. Nxd7 Bxd7 12. Nxe4 fxe4 13. Bb2 a4 14. f3 exf3 15. exf3 a3 16. Bc3 e5 17. dxe5 Bc5+ 18. Kh1 Bf5 19. Qe2 d4 20. Bd2 d3 21. Qe1 Bd4 1/2-1/2

[Event "Royal City Masters"]
[Site "Guelph CAN"]
[Date "2025.08.03"]
[Round "5.5"]
[White "Chen, Yidong"]
[Black "Han, Johnathan"]
[Result "0-1"]
[WhiteElo "2068"]
[BlackElo "2402"]
[WhiteFideId "-1"]
[WhiteFideId "-1"]
[PlyCount "82"]
[GameId "2206877529538560"]
[EventDate "2025.08.01"]
[EventType "swiss"]
[EventRounds "9"]
[EventCountry "CAN"]

1. e4 c5 2. Nf3 d6 3. d4 cxd4 4. Nxd4 Nf6 5. Nc3 a6 6. Be3 e5 7. Nb3 Be6 8. h3 Nbd7 9. g4 h6 10. Qd2 Be7 11. O-O-O b5 12. f4 b4 13. Nd5 Nxe4 14. Qg2 Bxd5 15. Rxd5 Ndf6 16. Rd1 exf4 17. Bxf4 d5 18. Be2 Qb6 19. Qf3 a5 20. Be3 Qc7 21. Bb5+ Kf8 22. Ba4 Rc8 23. Qg2 Bd6 24. Kb1 Be5 25. Bd4 g6 26. Rhf1 Kg7 27. Rf3 Bxd4 28. Nxd4 Qe5 29. Nb3 Rc7 30. Rdf1 Rhc8 31. Nd2 Nc5 32. Bb5 Nfe4 33. Nxe4 dxe4 34. Re3 Rb8 35. Qe2 a4 36. Bc4 a3 37. c3 axb2 38. Ref3 Rbb7 39. Rxf7+ Rxf7 40. Rxf7+ Rxf7 41. Bxf7 Qxc3 0-1

[Event "Royal City Masters"]
[Site "Guelph CAN"]
[Date "2025.08.03"]
[Round "5.6"]
[White "Song, Edward"]
[Black "Fedorowicz, John"]
[Result "1/2-1/2"]
[WhiteElo "2395"]
[BlackElo "2321"]
[WhiteFideId "-1"]
[WhiteFideId "-1"]
[PlyCount "96"]
[GameId "2208739473719542"]
[EventDate "2025.08.01"]
[EventType "swiss"]
[EventRounds "9"]
[EventCountry "CAN"]

1. e4 c5 2. Nf3 d6 3. d4 cxd4 4. Nxd4 Nf6 5. Nc3 a6 6. Bd3 e5 7. Nde2 Be7 8. O-O O-O 9. Ng3 Be6 10. Nd5 Bxd5 11. exd5 g6 12. c4 Nbd7 13. Kh1 Ne8 14. Bh6 Ng7 15. Qd2 f5 16. f3 a5 17. b3 Bf6 18. Rab1 Qc7 19. Ne2 Rf7 20. Nc3 Nc5 21. Bc2 Nh5 22. a3 Bg7 23. Be3 Bf8 24. b4 Na6 25. Bb3 b6 26. Nb5 Qb8 27. Ba2 axb4 28. axb4 Rb7 29. Nc3 Kh8 30. g4 Ng7 31. Bh6 Qd8 32. Ne2 Rf7 33. Bb3 fxg4 34. fxg4 Rxf1+ 35. Rxf1 Qh4 36. Be3 Qxg4 37. Ng3 Nf5 38. Nxf5 gxf5 39. Bxb6 Qe4+ 40. Qg2 Nxb4 41. Qxe4 fxe4 42. Bd1 Nd3 43. Bg4 Nf4 44. Bf5 Rc8 45. Rc1 Nd3 46. Rc3 Nf4 47. Rc1 Nd3 48. Rc3 Nf4 1/2-1/2

[Event "Royal City Masters"]
[Site "Guelph CAN"]
[Date "2025.08.03"]
[Round "5.7"]
[White "Posthuma, Joshua"]
[Black "Perez Rodriguez, Luis Manuel"]
[Result "1-0"]
[WhiteElo "2380"]
[BlackElo "2318"]
[WhiteFideId "-1"]
[WhiteFideId "-1"]
[PlyCount "93"]
[GameId "2208907081777415"]
[EventDate "2025.08.01"]
[EventType "swiss"]
[EventRounds "9"]
[EventCountry "CAN"]

1. d4 d5 2. c4 c6 3. Nf3 Nf6 4. e3 e6 5. Nbd2 Nbd7 6. Bd3 Bd6 7. O-O O-O 8. b3 b6 9. Bb2 Bb7 10. Ne5 c5 11. cxd5 exd5 12. f4 cxd4 13. exd4 Ne4 14. Nxe4 dxe4 15. Bc4 Nf6 16. Qe2 Qe7 17. Rac1 Rad8 18. Ba6 Ba8 19. f5 Ba3 20. Bc4 Bxb2 21. Qxb2 Qb4 22. a3 Qd6 23. Rcd1 Bd5 24. a4 Rfe8 25. Qe2 Bxc4 26. bxc4 Qa3 27. a5 Rd6 28. axb6 axb6 29. c5 Rxd4 30. Rxd4 Qxc5 31. Rfd1 Rxe5 32. Qc4 h5 33. Qxc5 Rxc5 34. Rd8+ Kh7 35. Rf8 Rxf5 36. Rxf7 Rb5 37. Re7 Rb2 38. h3 b5 39. Rd6 Kh8 40. Rb6 b4 41. Rbb7 b3 42. Rxg7 e3 43. Rge7 e2 44. g3 Rb1+ 45. Kf2 b2 46. Rb8+ Ng8 47. Rxe2 1-0

[Event "Royal City Masters"]
[Site "Guelph CAN"]
[Date "2025.08.03"]
[Round "5.9"]
[White "Qian, Ashley"]
[Black "Kaufman, Raymond"]
[Result "0-1"]
[WhiteElo "2134"]
[BlackElo "2239"]
[WhiteFideId "-1"]
[WhiteFideId "-1"]
[PlyCount "130"]
[GameId "2208911095005463"]
[EventDate "2025.08.01"]
[EventType "swiss"]
[EventRounds "9"]
[EventCountry "CAN"]

1. e4 c5 2. Nf3 d6 3. d4 cxd4 4. Nxd4 Nf6 5. Nc3 Nc6 6. Bg5 e6 7. Qd2 Be7 8. O-O-O a6 9. f4 Bd7 10. Kb1 h6 11. Bh4 b5 12. Bxf6 Bxf6 13. Nxc6 Bxc6 14. Qxd6 Qxd6 15. Rxd6 Rc8 16. e5 Be7 17. Rd3 g5 18. Ne2 Be4 19. Rc3 Rd8 20. a3 Rd1+ 21. Ka2 Rd2 22. Rc8+ Bd8 23. Nc3 Bb7 24. Rb8 Bc6 25. a4 bxa4 26. Bxa6 Bxg2 27. Bb5+ Ke7 28. Rd1 Rxd1 29. Nxd1 gxf4 30. c4 Rg8 31. c5 Rg5 32. c6 Rxe5 33. Bxa4 Bc7 34. Rc8 Kd6 35. Rf8 Ra5 36. Kb3 Rf5 37. Rh8 Bb6 38. Rb8 Bc7 39. Rh8 Bxc6 40. Bxc6 Kxc6 41. Rxh6 Bb6 42. Rh8 f3 43. h4 f2 44. Nxf2 Rxf2 45. Rc8+ Kd5 46. h5 Rh2 47. Rb8 Bd4 48. Ka3 Bc5+ 49. b4 Bd6 50. Rb5+ Kc6 51. Rg5 Rh3+ 52. Ka4 Rh4 53. Rb5 Rh1 54. Rg5 Rh4 55. Rb5 f5 56. Ka5 Rxh5 57. Rb6+ Kc7 58. b5 Rh1 59. Rc6+ Kd7 60. Kb6 Rb1 61. Rc4 f4 62. Ka6 f3 63. Rc2 Bc7 64. Rf2 Kc8 65. Ra2 f2 0-1

[Event "Royal City Masters"]
[Site "Guelph CAN"]
[Date "2025.08.03"]
[Round "5.10"]
[White "Moses, Neil"]
[Black "Ren, Jesse"]
[Result "0-1"]
[WhiteElo "2234"]
[BlackElo "2114"]
[WhiteFideId "-1"]
[WhiteFideId "-1"]
[PlyCount "72"]
[GameId "2208913088381272"]
[EventDate "2025.08.01"]
[EventType "swiss"]
[EventRounds "9"]
[EventCountry "CAN"]

1. e4 e5 2. Nf3 Nc6 3. Bb5 Nf6 4. Qe2 a6 5. Bxc6 dxc6 6. d3 Bd6 7. Nc3 Nd7 8. Be3 c5 9. a4 Nf8 10. Nd2 Ne6 11. Nc4 Nd4 12. Qd1 O-O 13. O-O Be6 14. Ne2 Qd7 15. a5 Rfd8 16. c3 Nxe2+ 17. Qxe2 f6 18. Bc1 Bf8 19. Ne3 Qxd3 20. Qf3 Qb5 21. h4 Rd3 22. h5 Be7 23. Qe2 Rad8 24. Qc2 c4 25. Qe2 Bc5 26. Nf5 Qd7 27. Ne3 Bxe3 28. Bxe3 Bg4 29. Qc2 Bd1 30. Qb1 Be2 31. Re1 Qg4 32. Qa2 Bf3 33. Qxc4+ Kh8 34. g3 Qh3 35. Qg8+ Kxg8 36. h6 Qg2# 0-1

[Event "Royal City Masters"]
[Site "Guelph CAN"]
[Date "2025.08.03"]
[Round "5.11"]
[White "Woltery, Nicolai"]
[Black "Marchand, Calix"]
[Result "1/2-1/2"]
[WhiteElo "2084"]
[BlackElo "2160"]
[WhiteFideId "-1"]
[WhiteFideId "-1"]
[PlyCount "238"]
[GameId "2208914892931424"]
[EventDate "2025.08.01"]
[EventType "swiss"]
[EventRounds "9"]
[EventCountry "CAN"]

1. c4 e5 2. Nc3 Nf6 3. Nf3 Nc6 4. e4 h6 5. a3 d6 6. d4 Bg4 7. d5 Nd4 8. Be2 Nxe2 9. Qxe2 Be7 10. h3 Bd7 11. O-O O-O 12. Ne1 Nh7 13. f4 exf4 14. Bxf4 Bg5 15. Bxg5 Qxg5 16. Nf3 Qg3 17. Qf2 Qxf2+ 18. Kxf2 Ng5 19. Nxg5 hxg5 20. g4 Rae8 21. Rae1 Re5 22. Kg3 Rfe8 23. Re2 f6 24. Rfe1 Kf7 25. Nb5 Bxb5 26. cxb5 c6 27. bxc6 bxc6 28. dxc6 Rc5 29. h4 gxh4+ 30. Kxh4 Ree5 31. Kg3 Rxc6 32. Kf3 Rc4 33. Rd1 Ke7 34. Rd5 a5 35. Rxe5+ dxe5 36. Rd2 Rc5 37. g5 Rb5 38. gxf6+ gxf6 39. Ke3 Rb3+ 40. Ke2 Kf7 41. Kd1 Re3 42. Re2 Rb3 43. Kc2 a4 44. Rg2 Re3 45. Rg4 Ke6 46. Rh4 Rf3 47. Rh2 Kd6 48. Rd2+ Kc5 49. Rd3 Rf4 50. Rd5+ Kc6 51. Ra5 Rxe4 52. Ra6+ Kd5 53. Rxf6 Kc4 54. Rb6 Kc5 55. Ra6 Rc4+ 56. Kd3 Rd4+ 57. Kc3 Kd5 58. Ra5+ Kd6 59. Ra6+ Kd5 60. Ra5+ Ke6 61. Rb5 Kd6 62. Ra5 Ke6 63. Rb5 Rh4 64. Rb8 Kd5 65. Rb5+ Kd6 66. Ra5 Rd4 67. Ra6+ Kc5 68. Ra5+ Kd6 69. Ra6+ Kd5 70. Ra5+ Ke6 71. Rb5 Kf5 72. b3 axb3 73. Rxb3 Rh4 74. Kd2 Rh2+ 75. Ke1 Kf4 76. a4 Ra2 77. Rh3 Ra1+ 78. Kf2 Ra2+ 79. Ke1 e4 80. Rb3 Rxa4 81. Rc3 Ra2 82. Rb3 Ra1+ 83. Ke2 Ra2+ 84. Ke1 Rg2 85. Rc3 Ke5 86. Ra3 Rc2 87. Rb3 Kf4 88. Ra3 Rc4 89. Ke2 Rb4 90. Rc3 Rb8 91. Rh3 Rg8 92. Rh4+ Ke5 93. Rh3 Rb8 94. Ra3 Kf4 95. Rh3 Rb2+ 96. Ke1 Ke5 97. Rc3 Rb4 98. Ke2 Kf4 99. Rh3 Rb2+ 100. Ke1 Kg4 101. Rc3 Rb1+ 102. Ke2 Kf4 103. Rh3 Rb4 104. Rc3 Rd4 105. Rc8 Rd5 106. Rc3 Rb5 107. Rh3 Rb4 108. Rc3 e3 109. Rc8 Rb2+ 110. Ke1 Rb5 111. Rf8+ Ke4 112. Re8+ Kd3 113. Rd8+ Ke4 114. Re8+ Re5 115. Rxe5+ Kxe5 116. Ke2 Ke4 117. Ke1 Kf3 118. Kf1 e2+ 119. Ke1 Ke3 1/2-1/2

[Event "Royal City Masters"]
[Site "Guelph CAN"]
[Date "2025.08.03"]
[Round "5.12"]
[White "Terry, Joshua"]
[Black "Yang, Larry"]
[Result "0-1"]
[WhiteElo "2155"]
[BlackElo "2108"]
[WhiteFideId "-1"]
[WhiteFideId "-1"]
[PlyCount "98"]
[GameId "2208927593046382"]
[EventDate "2025.08.01"]
[EventType "swiss"]
[EventRounds "9"]
[EventCountry "CAN"]

1. d4 Nf6 2. c4 g6 3. f3 d5 4. cxd5 Nxd5 5. e4 Nb6 6. Nc3 Bg7 7. Be3 O-O 8. Qd2 Nc6 9. O-O-O e5 10. d5 Nd4 11. f4 c5 12. fxe5 Bg4 13. Re1 Bxe5 14. h3 Qh4 15. Bd3 Rac8 16. Kb1 Bh5 17. Rf1 f5 18. Bh6 fxe4 19. Bg5 exd3 20. Rxf8+ Rxf8 21. Bxh4 Rf1+ 22. Qe1 Rxe1+ 23. Bxe1 g5 24. Bd2 Nc4 25. Kc1 Nxd2 26. Kxd2 c4 27. Ne4 Bg6 28. Nf3 Bf4+ 29. Kd1 Bxe4 30. Nxd4 Bxg2 31. Rg1 Bxd5 32. Ke1 Bf7 33. Kf2 Bh5 34. h4 d2 35. Ne2 Kf7 36. hxg5 Bxg5 37. Rh1 Kg6 38. Rg1 Bg4 39. Nc3 h5 40. Nd1 Kf5 41. Kg3 h4+ 42. Kf2 Bf4 43. Rh1 h3 44. a4 Ke4 45. Nc3+ Kd3 46. Nd5 Bd6 47. Nc3 Be5 48. Nd1 Bd4+ 49. Kg3 Bxd1 0-1

[Event "Royal City Masters"]
[Site "Guelph CAN"]
[Date "2025.08.03"]
[Round "5.13"]
[White "Jaferian, Koosha"]
[Black "Vettese, Nicholas"]
[Result "1/2-1/2"]
[WhiteElo "2285"]
[BlackElo "2352"]
[WhiteFideId "-1"]
[WhiteFideId "-1"]
[PlyCount "51"]
[GameId "2208931143934329"]
[EventDate "2025.08.01"]
[EventType "swiss"]
[EventRounds "9"]
[EventCountry "CAN"]

1. e4 c6 2. d4 d5 3. Nd2 dxe4 4. Nxe4 Bf5 5. Ng3 Bg6 6. h4 h6 7. Nf3 Nd7 8. h5 Bh7 9. Bd3 Bxd3 10. Qxd3 Ngf6 11. Bd2 e6 12. O-O-O Be7 13. Qe2 O-O 14. Nf1 c5 15. g4 cxd4 16. g5 Nd5 17. gxh6 Qb6 18. Rg1 Ba3 19. Rxg7+ Kh8 20. bxa3 Nc3 21. Rh7+ Kg8 22. Rg7+ Kh8 23. Bxc3 dxc3 24. Rh7+ Kg8 25. Rg7+ Kh8 26. Rh7+ 1/2-1/2

[Event "Royal City Masters"]
[Site "Guelph CAN"]
[Date "2025.08.03"]
[Round "5.14"]
[White "Plotkin, Victor"]
[Black "Xu, Leon"]
[Result "1/2-1/2"]
[WhiteElo "2282"]
[BlackElo "2046"]
[WhiteFideId "-1"]
[WhiteFideId "-1"]
[PlyCount "211"]
[GameId "2210042026696891"]
[EventDate "2025.08.01"]
[EventType "swiss"]
[EventRounds "9"]
[EventCountry "CAN"]

1. e4 e6 2. d4 d5 3. Nc3 Bb4 4. exd5 exd5 5. Bd3 Nc6 6. Nge2 Be6 7. Bf4 Qd7 8. O-O Nge7 9. Nb5 Ba5 10. c3 a6 11. Na3 Ng6 12. Bg3 Nce7 13. Nc2 c6 14. Ne3 O-O 15. Qc2 Rae8 16. Nf4 Nxf4 17. Bxf4 Ng6 18. Bg3 f5 19. f4 Ne7 20. Rfe1 g6 21. Nf1 Nc8 22. Nd2 Nd6 23. Nf3 Bc7 24. Ne5 Qc8 25. Re2 Ne4 26. Be1 Bxe5 27. dxe5 Qd8 28. Rd1 Kh8 29. h4 Qe7 30. g3 Bf7 31. Rg2 Rd8 32. Kh2 Be6 33. Bf2 c5 34. Rgg1 b5 35. Rge1 Qc7 36. Bg1 h5 37. Rc1 Qe7 38. Red1 Rc8 39. Qe2 Rb8 40. Qe3 Rfc8 41. Be2 Kg7 42. Bf3 Rb7 43. Qe2 Qf7 44. b3 Rbc7 45. Be3 Qd7 46. Qf1 Qc6 47. b4 cxb4 48. cxb4 Qe8 49. Rxc7+ Rxc7 50. Rc1 Qc8 51. Rxc7+ Qxc7 52. Qd3 Qc4 53. Qxc4 bxc4 54. Bd4 Kf7 55. Kg2 Ke7 56. Bd1 Bd7 57. Kf3 Kd8 58. Bc2 Kc7 59. Bd1 Bb5 60. Bc2 Bd7 61. Bd1 Kb7 62. Bc2 Kb8 63. Bd1 Kc7 64. Bc2 Kb7 65. Bd1 a5 66. bxa5 Ka6 67. Bb6 Nc3 68. Be2 Nxa2 69. Ke3 Nc1 70. Bf3 Be6 71. Bd1 Kb5 72. Kd4 Na2 73. Bf3 Nb4 74. Kc3 Nc6 75. Bd1 Bf7 76. Bf3 Bg8 77. Bg2 Nb4 78. Bf3 Be6 79. Bg2 Na6 80. Bf3 Bf7 81. Bg2 Nb8 82. Bf3 Nc6 83. Bg2 Nxa5 84. Be3 Nb3 85. Bf3 Ka4 86. Bd1 Ka3 87. Be2 d4+ 88. Bxd4 Nxd4 89. Kxd4 Kb3 90. Bf3 c3 91. Bd1+ c2 92. Bxc2+ Kxc2 93. Kc5 Kd3 94. Kd6 Ke4 95. Ke7 Bc4 96. Kf6 Kf3 97. Kxg6 Kg4 98. Kf6 Kxg3 99. Kxf5 Kxh4 100. e6 Kg3 101. Kg6 h4 102. e7 Bb5 103. f5 Be8+ 104. Kg7 h3 105. f6 h2 106. f7 1/2-1/2

[Event "Royal City Masters"]
[Site "Guelph CAN"]
[Date "2025.08.03"]
[Round "5.15"]
[White "Wang, Bingfei"]
[Black "Khaledi, Omid"]
[Result "0-1"]
[WhiteElo "1942"]
[BlackElo "2270"]
[WhiteFideId "-1"]
[WhiteFideId "-1"]
[PlyCount "144"]
[GameId "2209030505332911"]
[EventDate "2025.08.01"]
[EventType "swiss"]
[EventRounds "9"]
[EventCountry "CAN"]

1. d4 Nf6 2. Nf3 e6 3. c4 b6 4. Nc3 Bb7 5. Qc2 Bb4 6. a3 Bxc3+ 7. Qxc3 O-O 8. g3 d5 9. Bg5 h6 10. Bxf6 Qxf6 11. Bg2 c5 12. Ne5 cxd4 13. Qxd4 Nd7 14. f4 Rfd8 15. O-O Nxe5 16. fxe5 Qe7 17. Rac1 dxc4 18. Qxc4 Bxg2 19. Kxg2 Qb7+ 20. Kg1 Rac8 21. Qf4 Rxc1 22. Rxc1 a5 23. Kf2 Qd5 24. Rc7 Rf8 25. Qe3 Qh1 26. Qxb6 Qxh2+ 27. Kf3 Qh1+ 28. Kf2 Qh2+ 29. Kf3 Qh5+ 30. Kf2 Qf5+ 31. Kg2 Qxe5 32. Kf2 Qf5+ 33. Kg2 Rd8 34. Qf2 Rd2 35. Qxf5 exf5 36. Rc8+ Kh7 37. Kf2 Rxb2 38. Rc5 g6 39. Rxa5 h5 40. Ra7 Kg7 41. Rc7 Ra2 42. Ra7 Kf8 43. Ra8+ Kg7 44. Ra7 Rc2 45. Ra4 Rc3 46. Kg2 Kf6 47. Ra6+ Kg7 48. Ra4 Rc7 49. Kf3 Rc6 50. Kf2 Kf6 51. Kf3 Re6 52. Ra7 Re4 53. Ra6+ Kg7 54. Ra5 Rc4 55. Ra6 h4 56. gxh4 Rxh4 57. a4 g5 58. Ra5 Kg6 59. Ra6+ f6 60. Ra8 f4 61. a5 Rh2 62. Rb8 Rh3+ 63. Kf2 Ra3 64. Ra8 g4 65. a6 f3 66. exf3 Rxf3+ 67. Kg2 Ra3 68. a7 Kg7 69. Kf2 f5 70. Kg2 f4 71. Kf1 Ra2 72. Kg1 g3 0-1

[Event "Royal City Masters"]
[Site "Guelph CAN"]
[Date "2025.08.03"]
[Round "5.16"]
[White "Kot, Emanuel"]
[Black "Wang, Nathan"]
[Result "1-0"]
[WhiteElo "2166"]
[BlackElo "1993"]
[WhiteFideId "-1"]
[WhiteFideId "-1"]
[PlyCount "81"]
[GameId "2209032964399287"]
[EventDate "2025.08.01"]
[EventType "swiss"]
[EventRounds "9"]
[EventCountry "CAN"]

1. e4 c5 2. Nf3 Nc6 3. d4 cxd4 4. Nxd4 Nf6 5. Nc3 e5 6. Ndb5 d6 7. Nd5 Nxd5 8. exd5 Nb8 9. a4 Be7 10. Be2 O-O 11. O-O Nd7 12. Kh1 a6 13. Na3 f5 14. f4 g5 15. fxe5 Nxe5 16. c3 f4 17. Nc2 Rf6 18. Nd4 Bd7 19. Ne6 Rxe6 20. dxe6 Bxe6 21. b3 Bf6 22. Ba3 d5 23. Bc5 Rc8 24. Bd4 Qd7 25. Qd2 Qg7 26. Rae1 Rf8 27. Bd1 Bf7 28. g3 Ng6 29. Bg4 Kh8 30. Kg2 Kg8 31. Bxf6 Qxf6 32. Qd4 Qd6 33. Bf5 fxg3 34. hxg3 Ne7 35. Bxh7+ Kxh7 36. Rf6 Nf5 37. Rh1+ Kg7 38. Rxf5+ Kg6 39. Qd3 Kg7 40. Rh7+ Kxh7 41. Rxf7+ 1-0

[Event "Royal City Masters"]
[Site "Guelph CAN"]
[Date "2025.08.03"]
[Round "5.17"]
[White "Gao, Heye"]
[Black "Windram, James"]
[Result "1/2-1/2"]
[WhiteElo "2068"]
[BlackElo "1984"]
[WhiteFideId "-1"]
[WhiteFideId "-1"]
[PlyCount "77"]
[GameId "2209058715562175"]
[EventDate "2025.08.01"]
[EventType "swiss"]
[EventRounds "9"]
[EventCountry "CAN"]

1. e4 c5 2. Nf3 e6 3. d4 cxd4 4. Nxd4 a6 5. Nc3 b5 6. Bd3 Bb7 7. O-O Nc6 8. Nxc6 Bxc6 9. Re1 Bd6 10. e5 Bc7 11. Bf4 f5 12. Qh5+ g6 13. Qh3 h6 14. Rad1 Qe7 15. Bc1 Qg7 16. Qe3 Ne7 17. Qc5 Nc8 18. a4 bxa4 19. Nxa4 Qe7 20. b4 Bd8 21. Qxe7+ Bxe7 22. Nc5 Bxc5 23. bxc5 Ne7 24. Bd2 a5 25. Ra1 a4 26. Reb1 g5 27. Bb5 Kf7 28. c4 Ra7 29. f3 Kg6 30. Kf2 f4 31. Bc3 Rc8 32. Ke2 Kf5 33. g4+ fxg3 34. hxg3 Kg6 35. Rb4 Rca8 36. g4 Kg7 37. Be1 Kg6 38. Bd2 Kg7 39. Be1 1/2-1/2

[Event "Royal City Masters"]
[Site "Guelph CAN"]
[Date "2025.08.03"]
[Round "5.18"]
[White "Cummings, David"]
[Black "Polacek, Jozef"]
[Result "1-0"]
[WhiteElo "2252"]
[BlackElo "2240"]
[WhiteFideId "-1"]
[WhiteFideId "-1"]
[PlyCount "65"]
[GameId "2209060057895111"]
[EventDate "2025.08.01"]
[EventType "swiss"]
[EventRounds "9"]
[EventCountry "CAN"]

1. c4 Nf6 2. Nc3 e5 3. Nf3 Nc6 4. g3 d5 5. cxd5 Nxd5 6. Bg2 Nb6 7. a3 Be6 8. b4 Be7 9. Rb1 a6 10. O-O O-O 11. d3 f6 12. Ne4 Qc8 13. Nc5 Bf7 14. Qc2 Rd8 15. Bd2 Nd5 16. Rfc1 Na7 17. e4 Nb6 18. a4 c6 19. Be3 Bxc5 20. bxc5 Nd7 21. d4 Re8 22. Qb2 Rb8 23. dxe5 fxe5 24. Ng5 Qc7 25. Nxf7 Kxf7 26. Qb3+ Kf8 27. f4 Nf6 28. Rf1 Nc8 29. fxe5 Qxe5 30. Bf4 Qxc5+ 31. Kh1 Nd6 32. Rbc1 Qd4 33. Rfd1 1-0

[Event "Royal City Masters"]
[Site "Guelph CAN"]
[Date "2025.08.04"]
[Round "6.1"]
[White "Han, Johnathan"]
[Black "Preotu, Razvan"]
[Result "0-1"]
[WhiteElo "2402"]
[BlackElo "2478"]
[WhiteFideId "-1"]
[WhiteFideId "-1"]
[PlyCount "48"]
[GameId "2202821163614208"]
[EventDate "2025.08.01"]
[EventType "swiss"]
[EventRounds "9"]
[EventCountry "CAN"]

1. e4 c6 2. d4 d5 3. Nd2 dxe4 4. Nxe4 Nf6 5. Nxf6+ exf6 6. c3 Bd6 7. Bd3 O-O 8. Ne2 Re8 9. O-O Nd7 10. Ng3 Nb6 11. Bd2 g6 12. Ne4 Be7 13. Re1 Be6 14. Qc2 Bc4 15. Bxc4 Nxc4 16. Bf4 Bf8 17. Re2 Nb6 18. Bc7 Qe7 19. Rae1 Rec8 20. Bg3 Qd8 21. Nc5 Qd5 22. Nxb7 Qxa2 23. Nd6 Rd8 24. Ne8 Rxe8 0-1